Principles of South African law (Record no. 77357)

MARC details
000 -LEADER
fixed length control field 00758nam a2200193 a 4500
008 - FIXED-LENGTH DATA ELEMENTS--GENERAL INFORMATION
fixed length control field 120416s1961 ||||||||||||||||| || u
050 ## - LIBRARY OF CONGRESS CALL NUMBER
Classification number KG 3738.C1 Wil
100 ## - MAIN ENTRY--PERSONAL NAME
Personal name Wille, George
245 10 - TITLE STATEMENT
Title Principles of South African law
246 ## -
-- a textbook of the of the republics
250 ## - EDITION STATEMENT
Edition statement 5th ed.
260 ## - PUBLICATION, DISTRIBUTION, ETC.
Place of publication, distribution, etc. Cape Town
Name of publisher, distributor, etc. Jute and Company
Date of publication, distribution, etc. 1961
300 ## - PHYSICAL DESCRIPTION
Extent lxxiv, 579p.
350 ## -
-- 0.00
650 ## - SUBJECT ADDED ENTRY--TOPICAL TERM
Topical term or geographic name entry element LAW--SOUTH AFRICA
650 ## - SUBJECT ADDED ENTRY--TOPICAL TERM
Topical term or geographic name entry element LAW
995 ## -
-- BINDERY (DAMAGED)
-- 0.00
-- 717118
-- CBU-MAIN LIBRARY (Kitwe)
-- 2
-- 0.00
-- KG 3738.C1 Wil
-- 2
-- DAMAGED
-- 009742
-- Main Library Open Access Collection
995 ## -
-- BINDERY (DAMAGED)
-- 0.00
-- 717117
-- CBU-MAIN LIBRARY (Kitwe)
-- 1
-- 0.00
-- KG 3738.C1 Wil
-- 1
-- DAMAGED
-- 009743
-- Main Library Open Access Collection
999 ## -
-- 77357
-- 77357
Holdings
Withdrawn status Lost status Source of classification or shelving scheme Damaged status Not for loan Permanent Location Current Location Shelving location Date acquired Total Checkouts Full call number Barcode Date last seen Copy number Price effective from Koha item type
          CBU-MAIN LIBRARY, KITWE. CBU-MAIN LIBRARY, KITWE.   04/25/2023   KG 3738.C1 Wil 009742 04/25/2023 1 04/25/2023 MONOGRAPH
          CBU-MAIN LIBRARY, KITWE. CBU-MAIN LIBRARY, KITWE.   04/25/2023   KG 3738.C1 Wil 009743 04/25/2023 2 04/25/2023 MONOGRAPH